000 00300nam a22001097a 4500
082 _a355/SOO
100 _aSood,Sanjeev krishan & Singh, Indrajeet & Das, Monojit
_984024
245 _aBSF the eyes and ears of india
260 _aNew delhi
_bAdroit publishers
_c2022
650 _aMilitary
942 _cBK
999 _c69045
_d69045